La fiancée vendue opera comique en 3 actes : partition piano et chant /

Hlavní autor: Smetana, Bedřich, 1824-1884
Další autoři: Sabina, Karel, 1813-1877, Muller, Daniel, Brunel, Raoul, 1864-1944
Jazyk: Francouzština
Vydáno: Paris : Eschig, 1928
Fyzický popis: 222 s.
Hudebniny Hudebniny
Uloženo v:
LEADER 00995ncm a22002532a 4500
001 001130416
003 CZ BrMZK
005 20241014121308.0
007 qu
008 000105s1928 fr f fre d
040 |a BOA001  |b cze 
072 7 |a 782  |x Divadelní hudba. Opera, opereta, muzikál  |2 Konspekt  |9 9 
100 1 |a Smetana, Bedřich,  |d 1824-1884  |7 jk01120043  |4 cmp 
240 1 0 |a Prodaná nevěsta  |7 aun2006373493 
245 1 3 |a La fiancée vendue  |h [hudebnina] :  |b opera comique en 3 actes : partition piano et chant /  |c Bedřich Smetana ; paroles de Ch. Sabina ; adaptation francaise de Daniel Muller et Raoul Brunel 
260 |a Paris :  |b Eschig,  |c 1928 
300 |a 222 s. 
700 1 |a Sabina, Karel,  |d 1813-1877  |7 jk01110239  |4 lbt 
700 1 |a Muller, Daniel  |4 trl 
700 1 |a Brunel, Raoul,  |d 1864-1944  |7 jo2012701160  |4 trl 
910 |a BOA001  |b Mus4-0285.281 
990 |a MU 
991 |b 201011 
996 6 |b 2619560990  |c Mus4-0285.281  |l MZK  |r Sklad / do 1 hodiny  |n 0  |w 001159518  |u 000010  |a 1  |e BOA001  |j MZK50  |s P